American Political Parties - Statistics

General Stats
  • This quiz has been taken 83 times
  • The average score is 5 of 10
Answer Stats
# of States Ideology Political Parties % Correct
50 Liberalism Democratic Party
99%
50 Conservatism Republican Party
99%
23 Environmentalism Green Party
91%
38 Classical Liberalism Libertarian Party
81%
12 Paleoconservatism Constitution Party
37%
2 Cannabis Legalization Legal Marijuana Now Party
27%
4 Social Democracy Working Families Party
15%
4 Centrism Alliance Party
12%
2 Centrism Unity Party
9%
2 Socialism Working Class Party
7%
No matching quizzes found
Score Distribution
Percent of People with Each Score
Percentile by Number Answered
Your Score History
You have not taken this quiz